000 00277nam a2200097Ia 4500
001 640793
005 20250826153454.0
008 250824s9999 xx 000 0 und d
245 0 _aESRARENGİZ YABANCI/ ŞİMENDİFER ÇOCUKLARI/ SERT KAP
_cESRA KİREÇCİ
260 _bGENÇ TİMAŞ
999 _c640793
_d640793